MARC

LEADER 00000nam0a2200000 4500
001 1496
005 20231101204205.0
035 |a (RuTPU)RU\TPU\book\1503 
035 |a BOOK00001505 
090 |a 1496 
100 |a 20011209d1996 m y0rusy50 ca 
101 0 |a rus 
102 |a RU 
105 |a y z 000zy 
200 1 |a Метрологическое обеспечение АСУ ТП  |e производственно-практическое издание  |f А. С. Клюев, А. Т. Лебедев, Н. П. Миф 
210 |a Москва  |c Энергоатомиздат  |d 1995 
215 |a 160 с. 
606 1 |a Автоматизированные системы управления технологическими процессами (АСУ ТП)  |2 stltpush  |3 (RuTPU)RU\TPU\subj\742  |9 29554 
610 1 |a управление 
610 1 |a технологические процессы 
610 1 |a метрология 
610 1 |a метрологическое обеспечение 
610 1 |a ГОСТы 
610 1 |a нормативно-технические документы 
610 1 |a управление 
675 |a 658.512.4.011.56  |v 3 
700 1 |a Клюев  |b А. С.  |g Анатолий Степанович 
701 1 |a Лебедев  |b А. Т.  |g Артур Тихонович 
701 1 |a Миф  |b Н. П.  |g Ниагар Павлович 
801 0 |a RU  |b 63413507  |c 20011209  |g PSBO 
801 2 |a RU  |b 63413507  |c 20201107  |g PSBO 
942 |c BK